00409nam a22001457a 4500003000400000008004100004020001800045100001100063245007700074260003800151300001000189650002500199700002200224700001700246OSt250227b |||||||| |||| 00| 0 eng d a9788197978593 aANKITA aDigital Fortresses: Safeguarding IOT with Block Chain AND cybersecurity  aNew Delhi bNaples Indian c2024. a416p. aFaculty Publication  aFayaz Ahmad Khan  aMamta Goyal